00225nam a2200097Ia 4500008004100000041001200041100001900053245004300072260000600115650000600121221030s9999 xx 000 0 und d aEnglish aP. L. Ballaney 0aThermal Engineeringcby P. L. Ballaney c0 aB